SS.PP. toletanorum quotque extant opera. (Registro nro. 16422)

Detalles MARC
000 -LEADER
campo de control de longitud fija 00890nam a2200229 i 4500
001 - NÚMERO DE CONTROL
campo de control 16422
003 - IDENTIFICADOR DE NÚMERO DE CONTROL
campo de control ES-MaACL
005 - FECHA Y HORA DE LA ÚLTIMA TRANSACCIÓN
campo de control 20251011063050.0
007 - CAMPO FIJO DE DESCRIPCIÓN FÍSICA--INFORMACIÓN GENERAL
campo de control de longitud fija t|
008 - DATOS DE LONGITUD FIJA--INFORMACIÓN GENERAL
campo de control de longitud fija 000918s1972 sp ||||1| lat d
080 ## - NÚMERO DE LA CLASIFICACIÓN DECIMAL UNIVERSAL
Número de la Clasificación Decimal Universal 276(082)
100 1# - ENTRADA PRINCIPAL--NOMBRE DE PERSONA
Nombre de persona Lorenzana, Francisco Antonio de,
Fechas asociadas al nombre 1722-1804
9 (RLIN) 151831
245 10 - MENCIÓN DEL TÍTULO
Título SS.PP. toletanorum quotque extant opera.
260 ## - PUBLICACIÓN, DISTRIBUCIÓN, ETC.
Lugar de publicación, distribución, etc. [Toleti] :
Nombre del editor, distribuidor, etc. Comitatus pro XIII Jubileo Sancti Ildefonsi,
Fecha de publicación, distribución, etc. [1972]
300 ## - DESCRIPCIÓN FÍSICA
Extensión 1 v. ;
Dimensiones 25 cm.
505 8# - NOTA DE CONTENIDO CON FORMATO
Nota de contenido con formato Contiene I.: I. Montani, S. Eugenii III et S. Ildephonsi... opuscula, epistolas, fragmentesque complectens, XXXVIII, 290 p.
534 ## - NOTA SOBRE LA VERSIÓN ORIGINAL
Frase introductoria Reprod. de la ed. de:
Publicación, distribución, etc. del original -- Matriti, Apud Ioachimum Ibarra, Expensis... Francisci de Lorenzana, 1782.
650 ## - PUNTO DE ACCESO ADICIONAL DE MATERIA--TÉRMINO DE MATERIA
Término de materia o nombre geográfico como elemento de entrada Patrística.
9 (RLIN) 15895
651 #4 - PUNTO DE ACCESO ADICIONAL DE MATERIA--NOMBRE GEOGRÁFICO
Nombre geográfico Toledo-
Subdivisión general Historia eclesiástica.
9 (RLIN) 168543
852 ## - LOCALIZACIÓN
Ubicación ES-MaACL
Número de control de estantería G-2156
Sublocalización o colección R.106706
Existencias
Estatus retirado Estado de pérdida Estado de daño No para préstamo Biblioteca de origen Biblioteca actual Ubicación en estantería Fecha de adquisición Fuente de adquisición Total de préstamos Signatura topográfica completa Código de barras Visto por última vez Precio de reemplazo Tipo de ítem Koha
        Biblioteca del Ateneo de Madrid Biblioteca del Ateneo de Madrid Depósito 2 17/01/2008     G-2156 1016684 23/02/2023 23/02/2023 Libro impreso